000 00633nam a22002297a 4500
999 _c6879
_d6879
001 6879
003 BD-JhCC
005 20180131131119.0
008 171031s2003 bg |||| ||a| 001 0 eng d
020 _a9844103274
035 _a(BD-JhCC)6879
040 _aBD-JhCC
_dBD-JhCC
041 _aeng
082 _a954.9205
_bMAN 2003
100 _aManiruzzaman, Talukder
245 _aRadical Politics and The Emergence of Bangladesh /
_cTalukder Maniruzzaman
260 _aDhaka :
_bMowla Brothers,
_c2003.
300 _a109 p. :
_c22 cm.
650 _aRevolution (1971)
_zBangladesh
942 _2ddc
_cBK